Top 5 Songs On The Chronic (Dr. Dre) - Statistics

General Stats
  • This quiz has been taken 25 times
  • The average score is 3 of 5
Answer Stats
Hint Answer % Correct
253,150,284 Nuthin' But A "G" Thang
91%
32,189,839 Let Me Ride
86%
39,411,583 Fuck Wit Dre Day (And Everybody's Celebratin')
77%
19,381,681 Bitches Aint' Shit
41%
7,319,665 Lil' Ghetto Boy
41%
No matching quizzes found
Score Distribution
Percent of People with Each Score
Percentile by Number Answered
Your Score History
You have not taken this quiz